02428nam a22003377a 4500003000400000005001700004008004100021022001400062040001700076041001200093100002400105245013300129260003100262362004000293520105000333653001401383653001901397653002401416653002401440653001401464653002901478653001601507653002101523653001301544653002101557700002601578856019401604942000801798952026901806999001502075OSt20260512153957.0251023b |||||||| |||| 00| 0 eng d a0170-8406 aEnglishctbs aEnglish aDieleman, M.926451 aUsing organization structure to buffer political ties in emerging markets:b: A case studyc/ Marleen Dieleman, Jean J. Boddewyn bOrganization Studiesc2012 aOrganization Studies 33 (1), 71-95. aWe use and extend resource-dependence theory by analyzing how loosely coupled organizational structures facilitate the management of political ties by business groups in emerging economies. This topic is particularly salient because business groups are a prevalent organizational form in these countries, where they face both a high dependence on governments to secure key resources and a unique set of risks associated with political ties. We identify and analyze four buffering mechanisms that enable loosely coupled business groups to protect themselves against the adverse effects of such ties. We ground and contextualize these mechanisms by relying on a longitudinal case study of the Salim Group—a very large and well-connected Indonesian business group under the Suharto regime. This study is particularly relevant in the context of the renewed interest in firms’ organizational structure and contributes to understanding how organizational design can shape political strategy and resilience in volatile institutional environments. aBuffering aPolitical ties aResource dependence aNon-market strategy aIndonesia aOrganizational structure aSalim Group aEmerging markets aStrategy aCrony capitalism aBoddewyn, J.J.926452 uhttps://bibliotheque.tbs-education.fr/Default/doc/edselc/_b64_ZWRzZWxjLjItNTIuMC04MzY1NTE5MjQ0OQ%3d%3d/using-organization-structure-to-buffer-political-ties-in-emerging-markets-a-case-study 2lcc 00102lcc4070aTBSbTBSd2025-11-07l0r2025-11-07uhttps://bibliotheque.tbs-education.fr/Default/doc/edselc/_b64_ZWRzZWxjLjItNTIuMC04MzY1NTE5MjQ0OQ%3d%3d/using-organization-structure-to-buffer-political-ties-in-emerging-markets-a-case-studyw2025-11-07yARTICLE c5158d5158